[Event "GER-ch U25-B"]
[Site "Willingen"]
[Date "2023.05.31"]
[Round "6"]
[White "Friemel, Tim"]
[Black "Blome, Johannes"]
[Result "1/2-1/2"]
[WhiteElo "1692"]
[BlackElo "1849"]
[PlyCount "56"]
[EventDate "2023.05.27"]
[EventType "swiss"]
[EventRounds "9"]
[EventCountry "GER"]
[SourceTitle "CBM 214 Extra"]
[Source "ChessBase"]
[SourceDate "2023.07.31"]
[SourceVersion "1"]
[SourceVersionDate "2023.07.31"]
[SourceQuality "1"]

1. d4 e5 2. dxe5 Nc6 3. Nf3 Qe7 4. e4 Nxe5 5. Be2 Nf6 6. Nbd2 d6 7. 0-0 Bd7 8. c3 Bc6 9. Re1 0-0-0 10. Nxe5 dxe5 11. Bf3 g5 12. Qe2 h5 13. g3 g4 14. Bg2 Bh6 15. Nf1 Qe6 16. Bxh6 Rxh6 17. Qe3 Rdh8 18. Qxa7 b6 19. Qa6+ Bb7 20. Qe2 h4 21. a4 hxg3 22. fxg3 Kb8 23. a5 bxa5 24. Qb5 Qb6+ 25. Qxb6 cxb6 26. b4 axb4 27. cxb4 Rd8 28. Ne3 Rg6 1/2-1/2

[Event "GER-ch U25-B"]
[Site "Willingen"]
[Date "2023.05.31"]
[Round "5"]
[White "Khudagulyan, Xoren"]
[Black "Blome, Johannes"]
[Result "1/2-1/2"]
[WhiteElo "1698"]
[BlackElo "1849"]
[PlyCount "90"]
[EventDate "2023.05.27"]
[EventType "swiss"]
[EventRounds "9"]
[EventCountry "GER"]
[SourceTitle "CBM 214 Extra"]
[Source "ChessBase"]
[SourceDate "2023.07.31"]
[SourceVersion "1"]
[SourceVersionDate "2023.07.31"]
[SourceQuality "1"]

1. d4 c6 2. Nf3 Nf6 3. c4 b5 4. e3 bxc4 5. Nc3 d5 6. Bd2 Bf5 7. b3 cxb3 8. Qxb3 Qb6 9. Ne5 Nfd7 10. Nd3 e6 11. Na4 Qxb3 12. axb3 Bd6 13. b4 0-0 14. Be2 Na6 15. Nac5 Naxc5 16. bxc5 Bc7 17. Nb4 Nb8 18. Na6 Rc8 19. 0-0 Bd8 20. g4 Bg6 21. Kg2 f6 22. Rfc1 Kf8 23. f3 h6 24. Be1 Be8 25. Bg3 Nd7 26. Bd6+ Kf7 27. Rcb1 Be7 28. Rb7 e5 29. Nc7 Rab8 30. Raxa7 Rxb7 31. Rxb7 Bxd6 32. cxd6 Rb8 33. Ba6 Rxb7 34. Bxb7 Nb8 35. Kf2 Bd7 36. h3 exd4 37. exd4 f5 38. Ke3 Kf6 39. Kf4 g5+ 40. Kg3 f4+ 41. Kf2 Kg6 42. Ke2 h5 43. Kd3 hxg4 44. hxg4 Kf7 45. Kc3 Kf6 1/2-1/2

[Event "GER-chT Christmas U16 Lasker"]
[Site "Playchess.com INT"]
[Date "2020.12.28"]
[Round "5.1"]
[White "Blome, Johannes"]
[Black "Koll, Linus"]
[Result "1/2-1/2"]
[WhiteElo "1849"]
[BlackElo "1963"]
[PlyCount "96"]
[EventDate "2020.12.28"]
[EventType "team-swiss (blitz)"]
[EventRounds "7"]
[EventCountry "GER"]
[SourceTitle "CBM 200 Extra"]
[Source "ChessBase"]
[SourceDate "2021.03.31"]
[SourceVersion "1"]
[SourceVersionDate "2021.03.31"]
[SourceQuality "1"]
[WhiteTeam "Hamburger SK III"]
[BlackTeam "Karlsruhe"]
[WhiteTeamCountry "GER"]
[BlackTeamCountry "GER"]

1. e4 c5 2. Nf3 d6 3. Bb5+ Bd7 4. Bxd7+ Qxd7 5. c4 Nc6 6. d4 cxd4 7. Nxd4 g6 8. Nc3 Bg7 9. Be3 Nf6 10. f3 0-0 11. 0-0 a6 12. a4 Nxd4 13. Bxd4 Qc6 14. b3 Rad8 15. Rc1 e6 16. Qd3 Nd7 17. Bxg7 Kxg7 18. Ne2 Qb6+ 19. Qd4+ Qxd4+ 20. Nxd4 Nb6 21. Rfd1 Kf6 22. a5 Nd7 23. b4 Ke7 24. Nb3 Rc8 25. Kf2 Rc7 26. b5 Rfc8 27. bxa6 bxa6 28. Nd2 Ne5 29. Rb1 Nxc4 30. Nxc4 Rxc4 31. Rb6 R4c6 32. Rdb1 Kd7 33. Rxc6 Rxc6 34. Rb7+ Rc7 35. Rb6 Rc6 36. Rb7+ Rc7 37. Rb6 Rc2+ 38. Kg3 d5 39. exd5 exd5 40. Rxa6 d4 41. Ra7+ Kd6 42. Ra8 Kd7 43. Ra7+ Ke6 44. Ra8 d3 45. Rd8 d2 46. a6 Ra2 47. a7 Rxa7 48. Rxd2 Kf6 1/2-1/2

[Event "GER-chT Christmas U16 Lasker"]
[Site "Playchess.com INT"]
[Date "2020.12.28"]
[Round "4.1"]
[White "Weihrauch, Jakob"]
[Black "Blome, Johannes"]
[Result "1-0"]
[WhiteElo "2146"]
[BlackElo "1849"]
[PlyCount "59"]
[EventDate "2020.12.28"]
[EventType "team-swiss (blitz)"]
[EventRounds "7"]
[EventCountry "GER"]
[SourceTitle "CBM 200 Extra"]
[Source "ChessBase"]
[SourceDate "2021.03.31"]
[SourceVersion "1"]
[SourceVersionDate "2021.03.31"]
[SourceQuality "1"]
[WhiteTeam "Hamburger SK"]
[BlackTeam "Hamburger SK III"]
[WhiteTeamCountry "GER"]
[BlackTeamCountry "GER"]

1. e4 c5 2. Nf3 e6 3. d4 cxd4 4. Nxd4 Nc6 5. Nc3 Qc7 6. Qd3 Nf6 7. Ndb5 Qb8 8. Qg3 d6 9. Bf4 e5 10. Bg5 a6 11. Na3 Be7 12. Bxf6 Bxf6 13. Nd5 b5 14. Nxf6+ gxf6 15. Qg7 Rf8 16. Qxf6 Be6 17. 0-0-0 Nd4 18. Kb1 Qc7 19. c3 Nc6 20. Bxb5 axb5 21. Nxb5 Bxa2+ 22. Kc1 Qb8 23. Nxd6+ Kd7 24. Nb5+ Nd4 25. Nxd4 exd4 26. Rxd4+ Kc7 27. Qd6+ Kb7 28. Rb4+ Kc8 29. Qxf8+ Kc7 30. Qc5+ 1-0

[Event "DSOL 04 Liga Gr-C 1st"]
[Site "Playchess.com INT"]
[Date "2020.07.15"]
[Round "4.2"]
[White "Pauly, Markus"]
[Black "Blome, Johannes"]
[Result "0-1"]
[WhiteElo "1923"]
[BlackElo "1832"]
[PlyCount "126"]
[EventDate "2020.06.22"]
[EventType "team-tourn (rapid)"]
[EventCountry "GER"]
[SourceTitle "EXT 2021"]
[Source "ChessBase"]
[SourceDate "2020.10.23"]
[SourceVersion "1"]
[SourceVersionDate "2020.10.23"]
[SourceQuality "1"]
[WhiteTeam "Erbach"]
[BlackTeam "Hamburger SK IV"]
[WhiteTeamCountry "GER"]
[BlackTeamCountry "GER"]

1. c4 e6 2. Nf3 Nf6 3. b3 d5 4. Bb2 Be7 5. e3 0-0 6. Nc3 dxc4 7. bxc4 b6 8. g3 Bb7 9. Bg2 c5 10. 0-0 Qc7 11. Qe2 a6 12. Rac1 Nc6 13. Rfd1 Rfd8 14. d4 cxd4 15. exd4 Rd6 16. d5 Na5 17. Ba3 Rdd8 18. d6 Bxd6 19. Bxd6 Rxd6 20. Rxd6 Qxd6 21. Nd1 Rd8 22. Ne3 Ne4 23. Qc2 Qb4 24. Rb1 Qc5 25. Rd1 Rxd1+ 26. Qxd1 Qd6 27. Qa4 Bc6 28. Qc2 Kf8 29. Ng4 f6 30. Nfe5 fxe5 31. Bxe4 Bxe4 32. Qxe4 Qd4 33. Qa8+ Ke7 34. Qa7+ Qd7 35. Qxa6 Qd1+ 36. Kg2 Qxg4 37. c5 Qe4+ 38. Kg1 Qe1+ 39. Kg2 bxc5 40. Qa7+ Kd6 41. Qxg7 Qe4+ 42. Kg1 Nc4 43. Qf8+ Kd5 44. f3 Qe1+ 45. Kg2 Ne3+ 46. Kh3 Nf5 47. Qa8+ Kd4 48. Qa4+ c4 49. Qd7+ Ke3 50. Qxe6 Qf1+ 51. Kg4 Qxf3+ 52. Kg5 h6+ 53. Kg6 Qg4+ 54. Kf7 Qg5 55. Qxe5+ Kd3 56. Qd5+ Nd4 57. Qxg5 hxg5 58. h4 gxh4 59. gxh4 c3 60. h5 Nf5 61. Kg6 Ke4 62. a4 c2 63. a5 c1Q 0-1

[Event "GER Cup Net Final-B U2000"]
[Site "Playchess.com INT"]
[Date "2020.06.06"]
[Round "4"]
[White "Blome, Johannes"]
[Black "Hilck, Dirk"]
[Result "0-1"]
[WhiteElo "1856"]
[BlackElo "1796"]
[PlyCount "68"]
[EventDate "2020.06.06"]
[EventType "swiss (blitz)"]
[EventRounds "13"]
[EventCountry "GER"]
[SourceTitle "CBM 197 Extra"]
[Source "ChessBase"]
[SourceDate "2020.09.30"]
[SourceVersion "1"]
[SourceVersionDate "2020.09.30"]
[SourceQuality "1"]

1. e4 c6 2. Nf3 d5 3. Nc3 dxe4 4. Nxe4 Nf6 5. Ng3 Bg4 6. h3 Bxf3 7. Qxf3 e6 8. Bc4 Be7 9. 0-0 Nbd7 10. d4 0-0 11. Bg5 h6 12. Bxf6 Nxf6 13. c3 c5 14. dxc5 Bxc5 15. Rad1 Qb6 16. Bb3 Rad8 17. Rxd8 Rxd8 18. Rd1 Rxd1+ 19. Qxd1 Bxf2+ 20. Kh2 Qc7 21. Qf3 Bxg3+ 22. Qxg3 Qxg3+ 23. Kxg3 Kf8 24. Kf4 Ke7 25. Ke5 Nd7+ 26. Kd4 Kd6 27. c4 e5+ 28. Ke4 Nc5+ 29. Kf5 Nxb3 30. axb3 f6 31. g4 Kc5 32. Kg6 e4 33. Kxg7 e3 34. Kxf6 e2 0-1

[Event "GER Cup Net V2 U2000"]
[Site "Playchess.com INT"]
[Date "2020.05.22"]
[Round "7"]
[White "Blome, Johannes"]
[Black "Weidenhoefer, Max"]
[Result "1-0"]
[WhiteElo "1890"]
[BlackElo "1735"]
[PlyCount "77"]
[EventDate "2020.05.22"]
[EventType "swiss (blitz)"]
[EventRounds "9"]
[EventCountry "GER"]
[SourceTitle "EXT 2021"]
[Source "ChessBase"]
[SourceDate "2020.10.23"]
[SourceVersion "1"]
[SourceVersionDate "2020.10.23"]
[SourceQuality "1"]

1. e4 c6 2. Nc3 d5 3. Nf3 Bg4 4. exd5 cxd5 5. d4 e6 6. h3 Bxf3 7. Qxf3 Nf6 8. Be3 Be7 9. Bd3 0-0 10. g4 Nc6 11. g5 Nd7 12. h4 Qb6 13. Rb1 g6 14. h5 Kg7 15. hxg6 hxg6 16. Ne2 Rh8 17. Kd2 Qa5+ 18. c3 Qxa2 19. Ng3 a6 20. Bf4 b5 21. Qg4 b4 22. Rxh8 Rxh8 23. Be5+ Ndxe5 24. dxe5 bxc3+ 25. Kxc3 Bb4+ 26. Kc2 Qa4+ 27. b3 Qa2+ 28. Rb2 Qa1 29. Qf4 Be7 30. b4 Qa4+ 31. Kc1 Nxb4 32. Bc2 Rc8 33. Kb1 Nxc2 34. Qxa4 Ne1 35. Qd7 Rd8 36. Qxe7 Rh8 37. Qf6+ Kg8 38. Rb8+ Kh7 39. Qxh8# 1-0

[Event "GER Cup Net V2 U2000"]
[Site "Playchess.com INT"]
[Date "2020.05.22"]
[Round "4"]
[White "Lehmann, Ruben"]
[Black "Blome, Johannes"]
[Result "0-1"]
[WhiteElo "1728"]
[BlackElo "1890"]
[PlyCount "64"]
[EventDate "2020.05.22"]
[EventType "swiss (blitz)"]
[EventRounds "9"]
[EventCountry "GER"]
[SourceTitle "EXT 2021"]
[Source "ChessBase"]
[SourceDate "2020.10.23"]
[SourceVersion "1"]
[SourceVersionDate "2020.10.23"]
[SourceQuality "1"]

1. d4 Nf6 2. c4 e6 3. Nc3 d5 4. Bg5 Bb4 5. e3 h6 6. Bh4 0-0 7. cxd5 exd5 8. Bd3 Be6 9. Nge2 Nbd7 10. a3 Bd6 11. Qd2 c6 12. 0-0-0 b5 13. f3 a5 14. e4 dxe4 15. fxe4 b4 16. Nb1 bxa3 17. bxa3 Qe7 18. Qc3 g5 19. Bg3 c5 20. d5 Bg4 21. Rdf1 c4 22. Bxc4 Rfc8 23. Qd3 Bxg3 24. Nxg3 Ne5 25. Qd4 Rxc4+ 26. Qxc4 Nxc4 27. h3 Bd7 28. Nf5 Bxf5 29. Rxf5 Nxe4 30. Re1 Ncd6 31. Kd1 Qa7 32. Nd2 Qd4 0-1

[Event "GER Cup Net V1 U2000"]
[Site "Playchess.com INT"]
[Date "2020.05.19"]
[Round "9"]
[White "Blome, Johannes"]
[Black "Nithammer, Wolfgang"]
[Result "1-0"]
[WhiteElo "1860"]
[BlackElo "1734"]
[PlyCount "57"]
[EventDate "2020.05.19"]
[EventType "swiss (blitz)"]
[EventRounds "9"]
[EventCountry "GER"]
[SourceTitle "EXT 2021"]
[Source "ChessBase"]
[SourceDate "2020.10.23"]
[SourceVersion "1"]
[SourceVersionDate "2020.10.23"]
[SourceQuality "1"]

1. e4 c5 2. Nf3 e6 3. d4 cxd4 4. Nxd4 Qb6 5. Nb3 a6 6. Nc3 Nc6 7. Be3 Qc7 8. Be2 b5 9. a3 Bb7 10. 0-0 Nf6 11. f3 Be7 12. Qd2 0-0 13. Rad1 Rfd8 14. Bf4 Qc8 15. Qe3 Nh5 16. Bg5 Bxg5 17. Qxg5 Nf6 18. e5 Ne8 19. Ne4 h6 20. Qg3 Ne7 21. Nf6+ Nxf6 22. exf6 Nf5 23. Qe5 Qb8 24. Qxb8 Raxb8 25. Rd3 gxf6 26. Nc5 d5 27. f4 Rdc8 28. b4 Nd4 29. Rxd4 1-0

[Event "GER-ch Net Amateur Gr-B Final"]
[Site "Playchess.com INT"]
[Date "2020.04.18"]
[Round "1"]
[White "Emig, Nils"]
[Black "Blome, Johannes"]
[Result "1-0"]
[WhiteElo "1713"]
[BlackElo "1820"]
[PlyCount "69"]
[EventDate "2020.04.18"]
[EventType "swiss (blitz)"]
[EventRounds "13"]
[EventCountry "GER"]
[SourceTitle "CBM 195 Extra"]
[Source "ChessBase"]
[SourceDate "2020.05.31"]
[SourceVersion "1"]
[SourceVersionDate "2020.05.31"]
[SourceQuality "1"]

1. e4 c5 2. Nf3 e6 3. d4 cxd4 4. Nxd4 Nf6 5. Nc3 Nc6 6. Be3 Bb4 7. Bd3 e5 8. Nf5 0-0 9. 0-0 Bxc3 10. bxc3 d5 11. f3 Bxf5 12. exf5 Qa5 13. c4 e4 14. fxe4 dxe4 15. Be2 Rad8 16. Qe1 Qa4 17. Bg5 Kh8 18. Bxf6 gxf6 19. Qh4 Rd6 20. Qxe4 Ne5 21. Bd3 Rfd8 22. Qxb7 Nxd3 23. cxd3 R6d7 24. Qb2 Qc6 25. Rf3 Rxd3 26. Raf1 Qxc4 27. Rxd3 Qxd3 28. Qxf6+ Kg8 29. h3 Qe3+ 30. Kh1 Rd2 31. Qh4 Qe2 32. Qg3+ Kf8 33. Re1 Rd1 34. Qd6+ Kg7 35. Qxd1 1-0

[Event "GER-ch Net Amateur Gr-B Final"]
[Site "Playchess.com INT"]
[Date "2020.04.18"]
[Round "5"]
[White "Kettner Nikolaus, Frank"]
[Black "Blome, Johannes"]
[Result "0-1"]
[WhiteElo "1735"]
[BlackElo "1820"]
[PlyCount "128"]
[EventDate "2020.04.18"]
[EventType "swiss (blitz)"]
[EventRounds "13"]
[EventCountry "GER"]
[SourceTitle "CBM 195 Extra"]
[Source "ChessBase"]
[SourceDate "2020.05.31"]
[SourceVersion "1"]
[SourceVersionDate "2020.05.31"]
[SourceQuality "1"]

1. f4 b5 2. Nf3 Bb7 3. e3 a6 4. b3 e6 5. Bb2 Nf6 6. Bd3 c5 7. 0-0 d5 8. Nc3 Be7 9. Ne5 Nc6 10. Ng4 0-0 11. h3 c4 12. Be2 Nxg4 13. hxg4 b4 14. Nb1 Bf6 15. c3 Na5 16. g5 bxc3 17. Nxc3 Be7 18. Bf3 Rb8 19. d3 d4 20. Ne4 c3 21. Bc1 Qb6 22. Qe1 Bxe4 23. Bxe4 Bc5 24. Rf3 Nc6 25. Rh3 g6 26. Rh6 f5 27. gxf6 Rxf6 28. Qh4 Rf7 29. Qg5 dxe3 30. Bxg6 e2+ 31. Kh2 hxg6 32. Rxg6+ Kh8 33. Rh6+ Rh7 34. Qf6+ Kg8 35. Qg6+ Rg7 36. Qxe6+ Rf7 37. Rg6+ Kf8 38. f5 Qc7+ 39. g3 Rh7+ 40. Kg2 e1Q 41. Rf6+ Rf7 42. Bh6+ Kg8 43. Rg6+ Kh7 44. Rxe1 Nd4 45. Rh1 Qb7+ 46. Kf1 Qxh1+ 47. Kf2 Qf3+ 48. Kg1 Ne2+ 49. Kh2 Bg1+ 50. Kh3 Qh5+ 51. Kg2 Qh2+ 52. Kf3 Qf2+ 53. Kg4 Rb4+ 54. d4 Rxd4+ 55. Kh5 Qh2+ 56. Kg5 Be3+ 57. Qxe3 Qxg3+ 58. Qxg3 Nxg3 59. f6 Ne4+ 60. Kf5 Nd6+ 61. Ke6 Kxg6 62. Bg7 c2 63. b4 c1Q 64. a4 Qe3# 0-1

[Event "GER-ch Net Amateur Gr-B Vor3"]
[Site "Playchess.com INT"]
[Date "2020.04.16"]
[Round "4"]
[White "Blome, Johannes"]
[Black "Morczynski, Joachim"]
[Result "1-0"]
[WhiteElo "1780"]
[BlackElo "1449"]
[PlyCount "35"]
[EventDate "2020.04.16"]
[EventType "swiss (blitz)"]
[EventRounds "9"]
[EventCountry "GER"]
[SourceTitle "CBM 195 Extra"]
[Source "ChessBase"]
[SourceDate "2020.05.31"]
[SourceVersion "1"]
[SourceVersionDate "2020.05.31"]
[SourceQuality "1"]

1. e4 c5 2. Nf3 Nc6 3. Bb5 g6 4. Bxc6 bxc6 5. 0-0 Bg7 6. c3 d6 7. d4 cxd4 8. cxd4 Rb8 9. Nc3 Ba6 10. Re1 Nf6 11. Qa4 Qc8 12. e5 dxe5 13. Nxe5 0-0 14. Nxc6 Bb5 15. Nxe7+ Kh8 16. Nxb5 Qd7 17. Nc3 Qxe7 18. Rxe7 1-0

[Event "GER-ch Net Amateur Gr-B Vor1"]
[Site "Playchess.com INT"]
[Date "2020.04.14"]
[Round "2"]
[White "Blome, Johannes"]
[Black "Schulz, Dennis"]
[Result "1-0"]
[WhiteElo "1620"]
[BlackElo "1620"]
[PlyCount "119"]
[EventDate "2020.04.14"]
[EventType "swiss (blitz)"]
[EventRounds "9"]
[EventCountry "GER"]
[SourceTitle "EXT 2021"]
[Source "ChessBase"]
[SourceDate "2020.10.23"]
[SourceVersion "1"]
[SourceVersionDate "2020.10.23"]
[SourceQuality "1"]

1. e4 e5 2. Nf3 Nc6 3. Bc4 Bc5 4. c3 Nf6 5. d4 exd4 6. 0-0 d6 7. cxd4 Bb6 8. Nc3 Bg4 9. d5 Ne5 10. Bb5+ Nfd7 11. Bxd7+ Qxd7 12. Nxe5 dxe5 13. Qd3 0-0 14. h3 Bh5 15. a4 a6 16. Be3 Ba7 17. f3 Bg6 18. Bxa7 Rxa7 19. Qe3 Raa8 20. a5 f6 21. Na4 Rab8 22. Nc5 Qd6 23. Rac1 Bf7 24. Rc2 Rfd8 25. Rfc1 c6 26. dxc6 bxc6 27. Nxa6 Rb5 28. Rxc6 Qd4 29. Qxd4 exd4 30. Rc8 Kf8 31. Rxd8+ Ke7 32. Rdc8 Be6 33. R8c7+ Bd7 34. Nc5 Kf7 35. Rxd7+ Kg6 36. Ne6 Rxb2 37. Rxg7+ Kh6 38. Rcc7 Rb1+ 39. Kh2 Rb7 40. Rxh7+ Kg6 41. Rxb7 f5 42. e5 f4 43. Rbc7 d3 44. Nxf4+ Kf5 45. Rcf7+ Kxe5 46. Nxd3+ Kd4 47. Rd7+ Ke3 48. Rhe7+ Kd2 49. Nf4+ Kc3 50. Rc7+ Kb4 51. a6 Kb5 52. a7 Kb6 53. Rb7+ Kc6 54. Rbc7+ Kd6 55. Red7+ Ke5 56. a8Q Kf5 57. Qe4+ Kf6 58. Qe6+ Kg5 59. Rg7+ Kxf4 60. Rcf7# 1-0

[Event "GER-chT U14"]
[Site "Magdeburg"]
[Date "2018.12.29"]
[Round "6.4"]
[White "Handschuh, Felix"]
[Black "Blome, Johannes"]
[Result "1/2-1/2"]
[WhiteElo "1524"]
[BlackElo "1683"]
[PlyCount "50"]
[EventDate "2018.12.27"]
[EventType "team-swiss"]
[EventRounds "7"]
[EventCountry "GER"]
[SourceTitle "CBM 188 Extra"]
[Source "ChessBase"]
[SourceDate "2019.02.26"]
[SourceVersion "1"]
[SourceVersionDate "2019.02.26"]
[SourceQuality "1"]
[WhiteTeam "Ergolding"]
[BlackTeam "Hamburger SK"]
[WhiteTeamCountry "GER"]
[BlackTeamCountry "GER"]

1. e4 c5 2. b3 Nc6 3. Bb2 e5 4. Nf3 d6 5. h3 Be7 6. Bc4 Nf6 7. Nc3 0-0 8. 0-0 a6 9. a4 Nd4 10. d3 Bd7 11. Nxd4 cxd4 12. Nd5 Nxd5 13. Bxd5 Qc7 14. Rc1 Rac8 15. c4 Bg5 16. Rb1 b5 17. axb5 axb5 18. Bc1 Bxc1 19. Qxc1 Kh8 20. Qd2 f5 21. f3 fxe4 22. fxe4 Bc6 23. Bxc6 Qxc6 24. Rxf8+ Rxf8 25. Qc2 Qc7 1/2-1/2